|
|
|
|
| LEADER |
00000nas a2200000 a 4500 |
| 001 |
ssj0000392954 |
| 003 |
WaSeSS |
| 005 |
20200512172242.0 |
| 006 |
m d |
| 007 |
cr n |
| 008 |
060630c20019999sp hr pss 0 a0spa c |
| 010 |
|
|
|a 2012262049
|
| 016 |
7 |
|
|a 2565428-7
|2 DE-600
|
| 022 |
|
|
|a 1578-8393
|l 1578-8393
|
| 035 |
|
|
|a (WaSeSS)ssj0000392954
|
| 040 |
|
|
|a WaSeSS
|b eng
|c CUD
|d CGU
|d OCLCQ
|d CGU
|d OCLCO
|d OCLCF
|d OCLCO
|d OCLCQ
|d UEJ
|d OCLCA
|d AU@
|d WaSeSS
|
| 042 |
|
|
|a pcc
|
| 043 |
|
|
|a e-sp---
|
| 050 |
|
4 |
|a HF5813.S7
|
| 130 |
0 |
|
|a Área abierta (Online)
|
| 210 |
0 |
|
|a Área abierta
|
| 222 |
|
0 |
|a Área abierta
|
| 245 |
1 |
0 |
|a Área abierta
|h [electronic resource].
|
| 246 |
3 |
|
|a Á
|
| 260 |
|
|
|a Madrid :
|b Departamento de Comunicación Audiovisual y Publicidad I, Universidad Complutense de Madrid,
|c [2001]-
|
| 310 |
|
|
|a Three issues a year
|
| 362 |
1 |
|
|a Began with no. 1 (2001).
|
| 506 |
|
|
|a License restrictions may limit access.
|
| 588 |
|
|
|a Description based on: No. 1 (2001); title from table of contents page (e-revistas, viewed Oct. 8, 2010).
|
| 588 |
|
|
|a Latest issue consulted: No. 32 (julio 2012) (Universidad Complutense de Madrid Web site, viewed Aug. 29, 2012).
|
| 650 |
|
0 |
|a Advertising
|x Social aspects
|z Spain
|v Periodicals.
|
| 650 |
|
0 |
|a Communication
|z Spain
|v Periodicals.
|
| 650 |
|
7 |
|a Advertising
|x Social aspects.
|2 fast
|0 (OCoLC)fst00797762
|
| 650 |
|
7 |
|a Communication.
|2 fast
|0 (OCoLC)fst00869952
|
| 651 |
|
7 |
|a Spain.
|2 fast
|0 (OCoLC)fst01204303
|
| 655 |
|
0 |
|a Electronic journals.
|
| 856 |
4 |
0 |
|z Full text available from Research Library: 01/01/2006 to present
|u https://search.proquest.com/publication/54893
|